000 00579nam a2200217Ia 4500
005 20241129120118.0
008 241129s9999||||xx |||||||||||||| ||und||
020 _a9781035325238
037 _aTB
040 _aSDCL
_beng
_cSDCL
041 _aeng
_2eng
084 _aW65, R3
_qSDCL
100 _aVesting Thomas
_9729170
245 0 _aState theory and the law: An introduction
260 _aCheltenham
_bEdward Elgar
_c2023
300 _aviii,249p.
365 _aGBP
_b31.95
650 _aPolitical Science
942 _cTB
_hW65, R3
999 _c1233394
_d1233394